000 00627nam a2200277Ia 4500
005 20260324124628.0
008 008 260324s9999 xx 000 0 eng d
020 _a9781315834214
037 _aEBOOK
040 _aCRL
040 _beng
040 _cCRL
041 _2eng
041 _aeng
084 _qCRL
100 _aThabit Abdullah
_91174898
245 2 _aA Short History of Iraq
260 _bTaylor and Francis
260 _c2010
365 _a
365 _b230
856 _uhttp://www.taylorfrancis.com/books/9781315834214
942 _cEBOOK
999 _c1769429
_d1769429